[Event "GER CupT"]
[Site "Germany"]
[Date "1993.??.??"]
[Round "?"]
[White "Ahlberg, Guenter"]
[Black "Stolz, Mike"]
[Result "1/2-1/2"]
[WhiteElo "2275"]
[BlackElo "2325"]

1.e4 e6 2.d4 d5 3.Nc3 Bb4 4.e5 Ne7 5.Bd2 O-O 6.f4 f6 7.exf6 Rxf6 8.g3 Nf5
9.Nf3 Bf8 10.Bd3 c5 11.Ne2 Nc6 12.Bxf5 Rxf5 13.c3 Qb6 14.Qb3 Bd7 15.Qxb6 axb6
16.O-O Be8 17.g4 Rf6 18.g5 Rf7 19.Ne5 Nxe5 20.fxe5 Rxf1+ 21.Kxf1 Bb5 22.Ke1 Be7
23.Be3 Rf8 24.Kd2 Rf3 25.Rg1 Kf7 26.a3 Bxe2 27.Kxe2 Rf5 28.h4 Kg6 29.Rg2 Kh5
30.Bf2 Rf4 31.Ke3 Rg4 32.Rh2 Kg6 33.Kf3 Kf5 34.Be3 Re4 35.Rh1 Kg6 36.Rh2 Kh5
37.Bf2 c4 38.Rg2 h6 39.gxh6 Kxh6 40.Rg4 Rxg4 41.Kxg4 Kg6 42.a4 Kf7 43.h5 Bd8
44.Be3 Bc7 45.Bg5 Kf8 46.h6 gxh6 47.Bxh6+ Kf7 48.Bg5 Kg6 49.Bf6 Kh6 50.Be7 Kg6
51.Kf4 Kh5 52.Kf3 Kg6 53.Ke3 Kf7 54.Bf6  1/2-1/2

[Event "Groningen PCA"]
[Site "Groningen"]
[Date "1993.??.??"]
[Round "3"]
[White "Topalov, Veselin"]
[Black "Vaganian, Rafael A"]
[Result "1/2-1/2"]
[WhiteElo "2650"]
[BlackElo "2615"]

1.e4 e6 2.d4 d5 3.Nc3 Bb4 4.e5 b6 5.Qg4 Bf8 6.Bg5 Qd7 7.f4 h6 8.Bh4 h5 9.Qh3 Ba6
10.Nf3 Nh6 11.O-O-O Bxf1 12.Rhxf1 Nc6 13.Ng1 Nf5 14.Bf2 g6 15.Qf3 Na5 16.g3 c5
17.h3 cxd4 18.Bxd4 Rc8 19.Bf2 b5 20.g4 hxg4 21.hxg4 Ne7 22.Qd3 Rc4 23.b3 Rxf4
24.Nxb5 Nec6 25.Qg3 Rb4 26.Nd4 Nxd4 27.Bxd4 Nc6 28.Bb2 Re4 29.Kb1 Bh6 30.Rde1 Rxe1+
31.Rxe1 d4 32.Nf3 d3 33.Qg2 Nb4 34.Nd4 dxc2+ 35.Nxc2 Nd5 36.Na3 Bf4 37.Rh1 Rxh1+
38.Qxh1 Qc6 39.Qh8+ Kd7 40.Qf8 Ne7 41.Ka1 Qc5 42.Qxf7 Bxe5 43.Qf1 Bxb2+ 44.Kxb2 Qd4+
45.Kb1 Qe4+ 46.Kb2 Qd4+ 47.Kb1 e5 48.Qf6 Qe4+ 49.Kb2 Qf4 50.Qa6 Qd4+ 51.Kb1 e4
52.Nc2 Qd1+ 53.Kb2 Nc6 54.Qb7+ Kd6 55.Qc8 Qf3 56.b4 Qf6+ 57.Kb3 Qf3+ 58.Kb2 e3
59.Qe8 Qxg4 60.Qxe3 Qf5 61.a4 Qe5+  1/2-1/2

[Event "Groningen op"]
[Site "Groningen"]
[Date "1993.??.??"]
[Round "8"]
[White "Vehi Bach, Victor Manuel"]
[Black "Savchenko, Stanislav"]
[Result "1/2-1/2"]
[WhiteElo "2380"]
[BlackElo "2530"]

1.e4 e6 2.d4 d5 3.Nc3 Bb4 4.e5 b6 5.a3 Bf8 6.Bb5+ c6 7.Ba4 a5 8.Nce2 Ba6
9.c3 Bb5 10.Bc2 c5 11.Nf3 Nc6 12.O-O h5 13.Re1 Be7 14.Be3 Nh6 15.Qd2 Rc8
16.Rad1 a4 17.c4 Bxc4 18.Bxh6 Rxh6 19.Bxa4 Kf8 20.Nc3 g5 21.Bxc6 Rxc6 22.h4 Rg6
23.hxg5 Bxg5 24.Nxg5 Qxg5 25.Qxg5 Rxg5 26.f3 Ke7 27.Ne2 Rc8 28.Kf2 h4 29.Nf4 Rf5
30.Nh3 Rh5 31.f4 Bb3 32.Rc1 Rhh8 33.Rc3 Ba4 34.Rec1 c4 35.Ng5 Bd7 36.Rh1 b5
37.Nf3 b4 38.axb4 Rb8 39.Rxh4 Rhc8 40.b3 Rxb4 41.bxc4 Rb2+ 42.Ke3 Rxc4 43.Rxc4 dxc4
44.Rh1 Rxg2 45.Rc1  1/2-1/2

[Event "Wichern op"]
[Site "Hamburg"]
[Date "1993.??.??"]
[Round "5"]
[White "Reeh, Oliver"]
[Black "Kindermann, Stefan"]
[Result "1/2-1/2"]
[WhiteElo "2435"]
[BlackElo "2520"]

1.e4 e6 2.d4 d5 3.Nc3 Bb4 4.e5 Ne7 5.a3 Bxc3+ 6.bxc3 c5 7.Nf3 b6 8.a4 Ba6
9.Bxa6 Nxa6 10.O-O Qc7 11.Qd3 Nb8 12.dxc5 bxc5 13.c4 dxc4 14.Qxc4 Nd7  1/2-1/2

[Event "Wichern op"]
[Site "Hamburg"]
[Date "1993.??.??"]
[Round "9"]
[White "Buenermann, Volker"]
[Black "Blauert, Joerg"]
[Result "1/2-1/2"]
[WhiteElo "2240"]
[BlackElo "2400"]

1.e4 e6 2.d4 d5 3.Nc3 Bb4 4.e5 Ne7 5.a3 Bxc3+ 6.bxc3 c5 7.Qg4 Qc7 8.Bd3 cxd4
9.Ne2 dxc3 10.Qxg7 Rg8 11.Qxh7 Nd7 12.Bf4 Nc5 13.Bg3 Bd7 14.O-O Bc6 15.Nd4 a6
16.Rfe1 Nxd3 17.Qxd3 Bd7 18.Bh4 Ng6 19.Bf6 Rc8 20.Qe3 Ba4 21.Rab1 b5 22.h4 Nf8
23.h5 Kd7 24.h6  1/2-1/2

[Event "Hastings op9394"]
[Site "Hastings"]
[Date "1993.??.??"]
[Round "?"]
[White "Gallagher, Joseph G"]
[Black "McDonald, Neil R"]
[Result "1/2-1/2"]
[WhiteElo "2500"]
[BlackElo "2410"]

1.e4 e6 2.d4 d5 3.Nc3 Bb4 4.e5 Ne7 5.a3 Bxc3+ 6.bxc3 c5 7.Qg4 O-O 8.Bd3 f5
9.exf6 Rxf6 10.Bg5 Nd7 11.Qh4 h6 12.Bxf6 Nxf6 13.dxc5 e5 14.f3 Qc7 15.Qf2 Be6
16.Ne2 e4 17.fxe4 dxe4 18.Qf4 Ned5 19.Qxc7 Nxc7 20.Rb1 exd3 21.cxd3 Bd5 22.O-O Na6
23.d4 Nc7 24.Ng3 Rd8 25.Nf5 Be4 26.Rbe1 Bxf5 27.Rxf5 Nb5 28.c6 bxc6 29.Rc5 Rd6
30.a4 Nc7 31.Ra5 a6 32.Rae5 Kf8 33.h3 Nfd5 34.c4 Nf6 35.Re7 Nce8 36.R7e6 Rxd4
37.Rxc6 Nd6 38.Rxa6 Nxc4 39.a5 Rd2 40.Ra8+ Kf7 41.a6 Ra2 42.Ra7+ Kg6 43.Ree7 h5
44.Rxg7+ Kh6 45.Rge7 Ra1+ 46.Kf2 Ra2+ 47.Ke1 Nd5 48.Re2 Ra1+ 49.Kf2 Kg5 50.Re1 Ra2+
51.Re2 Ra1 52.Re1 Ra2+ 53.Re2 Ra1  1/2-1/2

[Event "HUN-ch"]
[Site "HUN"]
[Date "1993.??.??"]
[Round "3"]
[White "Leko, Peter"]
[Black "Farago, Ivan"]
[Result "1/2-1/2"]
[WhiteElo "2555"]
[BlackElo "2540"]

1.e4 e6 2.d4 d5 3.Nc3 Bb4 4.e5 Ne7 5.Bd2 b6 6.Nce2 Bxd2+ 7.Qxd2 Ba6 8.Nf3 c5
9.c3 Nbc6 10.Nf4 Bxf1 11.Kxf1 Ng6 12.Nxg6 hxg6 13.h4 Qe7 14.g3 cxd4 15.cxd4 Qb4
16.Qxb4 Nxb4 17.a3 Nc6  1/2-1/2

[Event "Jyvaskyla op"]
[Site "Jyvaskyla"]
[Date "1993.??.??"]
[Round "4"]
[White "Kokkila, Tero"]
[Black "Raaste, Eero J"]
[Result "1-0"]
[WhiteElo "2320"]
[BlackElo "2350"]

1.e4 e6 2.d4 d5 3.Nc3 Bb4 4.e5 Ne7 5.a3 Bxc3+ 6.bxc3 c5 7.Qg4 O-O 8.Bd3 f5
9.exf6 Rxf6 10.Bg5 Rf7 11.Nf3 e5 12.Bxh7+ Kxh7 13.Qh5+ Kg8 14.Nxe5 Rf5 15.g4 Rxe5+
16.dxe5 Nbc6 17.f4 Bd7 18.O-O Qe8 19.Qh4 Ng6 20.Qg3 Qe6 21.h3 d4 22.Rae1 Qd5
23.e6 Bxe6 24.f5 Bf7 25.c4 Qxc4 26.fxg6 Bxg6 27.Qb3 Qxb3 28.cxb3 Bc2 29.b4 c4
30.b5 Na5 31.Re7 Rf8 32.Rxf8+ Kxf8 33.Rd7 d3 34.Bd2 Ke8 35.Rd5 Nb3 36.Bb4 b6
37.Kf2 g6 38.Ke3 Nc1 39.Kd2 Nb3+ 40.Kc3 Nc1 41.Re5+ Kf7 42.Kxc4 Nb3  1-0

[Event "Katowice op"]
[Site "Katowice"]
[Date "1993.??.??"]
[Round "2"]
[White "Stripunsky, Alexander"]
[Black "Hasanov, Marat"]
[Result "1/2-1/2"]
[WhiteElo "2470"]
[BlackElo "2335"]

1.e4 e6 2.d4 d5 3.Nc3 Bb4 4.e5 Ne7 5.a3 Bxc3+ 6.bxc3 c5 7.Qg4 Nf5 8.Bd3 h5
9.Qd1 Nc6 10.Nf3 c4 11.Bxf5 exf5 12.a4 Be6 13.Bg5 Qa5 14.Qd2 b5 15.O-O b4
16.cxb4 Qxb4 17.c3 Qa5 18.Rfb1 Qc7 19.Qc1 a6 20.Qa3 Rb8 21.Rxb8+ Qxb8 22.Nd2 Kd7
23.Qc5 Qf8 24.Qb6 Qa8 25.Rd1 Qa7 26.Qb2 Rc8 27.Qa3 Ke8 28.h3 Na5 29.Rb1 Nc6
30.Qc1 Rb8 31.Ra1 Na5 32.Qd1 g6 33.Nf3 Rb2 34.Qc1 Rb8 35.Qe3 Kd7 36.Bf6 Kc6
37.Qg5 Qd7 38.Be7 Kb7 39.Bd6 Rc8 40.Qe3 Nb3 41.Ra2 Ka7 42.Ng5 Ka8 43.a5 Qb5
44.Bb4 Rb8 45.Nf3 Qd7 46.h4 Qd8 47.g3 Rb5 48.Ng5 Kb7 49.Kg2  1/2-1/2

[Event "Katowice op"]
[Site "Katowice"]
[Date "1993.??.??"]
[Round "2"]
[White "Macieja, Bartlomiej"]
[Black "Shtyrenkov, Veniamen"]
[Result "1/2-1/2"]
[WhiteElo "2315"]
[BlackElo "2465"]

1.e4 e6 2.d4 d5 3.Nc3 Bb4 4.e5 b6 5.a3 Bf8 6.h4 Ne7 7.h5 h6 8.Nce2 Ba6 9.c3 c5
10.f4 Qd7 11.Nf3 Nbc6 12.g4 Na5 13.Ng3 Bxf1 14.Rxf1 c4 15.Be3 Nb3 16.Rb1 O-O-O
17.Nd2 Nxd2 18.Kxd2 Nc6 19.f5 Na5 20.fxe6 fxe6 21.Qc2 Be7 22.Rf7 Rdf8 23.Rxg7 Rf3
24.Nh1 Rhf8 25.Qh7 Nc6 26.Ke2 Qe8 27.Qxh6 Bh4 28.Qg6 Qxg6 29.Rxg6 Rh3 30.Nf2 Rh2
31.Rf1 Kd7 32.Rg7+ Ne7 33.h6 Bxf2 34.Rxf2 Rfxf2+ 35.Bxf2 Rxh6 36.Rf7 b5 37.Kf3 Ke8
38.Rf6 Rxf6+ 39.exf6 Ng6 40.g5 a5 41.Kg4 Kf7 42.Bg3 a4 43.Bd6 Ke8  1/2-1/2

[Event "Katowice op"]
[Site "Katowice"]
[Date "1993.??.??"]
[Round "4"]
[White "Ocytko, Andrzej"]
[Black "Shtyrenkov, Veniamen"]
[Result "0-1"]
[WhiteElo "2225"]
[BlackElo "2465"]

1.e4 e6 2.d4 d5 3.Nc3 Bb4 4.e5 b6 5.Qg4 Bf8 6.Nh3 Qd7 7.Nf4 Ba6 8.Bxa6 Nxa6
9.O-O c5 10.Be3 cxd4 11.Bxd4 Nb4 12.Qd1 Nc6 13.Nce2 g6 14.c3 Nge7 15.Ng3 h5
16.h4 Nxd4 17.cxd4 Nc6 18.Nh3 Be7 19.Ng5 Bxg5 20.hxg5 O-O-O 21.Ne2 Kb8 22.Nc3 Rc8
23.Rc1 Ne7 24.Qd3 Nf5 25.Nb5 Kb7 26.Rc3 a6 27.Nd6+ Nxd6 28.exd6 Qxd6 29.Rfc1 Qd7
30.Qf3 Rxc3 31.Rxc3 Qe7 32.Qf4 Rd8 33.g3 Rd7 34.a3 Rc7 35.Rxc7+ Qxc7 36.Qf6 a5
37.Kg2 a4 38.Qf3 Ka6 39.Qd3+ Qc4 40.Qf3 Qxd4 41.Qxf7 Qe4+ 42.Kf1 d4 43.Qd7 d3
44.Qc8+ Ka5 45.Qc3+ Kb5 46.Qd2 Qh1+  0-1

[Event "Katowice op"]
[Site "Katowice"]
[Date "1993.??.??"]
[Round "4"]
[White "Stripunsky, Alexander"]
[Black "Maiwald, Jens Uwe"]
[Result "1-0"]
[WhiteElo "2470"]
[BlackElo "2400"]

1.e4 e6 2.d4 d5 3.Nc3 Bb4 4.e5 Ne7 5.a3 Bxc3+ 6.bxc3 c5 7.Qg4 Qc7 8.Bd3 c4
9.Be2 Nf5 10.Qh3 Qa5 11.Bd2 Bd7 12.Nf3 Nc6 13.Ng5 h6 14.g4 Nfe7 15.f4 Rf8
16.Nf3 Qa4 17.Ra2 O-O-O 18.O-O Kb8 19.Nh4 f5 20.exf6 Rxf6 21.Bf3 Ka8 22.Bg2 Rdf8
23.Qe3 h5 24.h3 hxg4 25.hxg4 Qa5 26.Be1 Qb6 27.Qc1 Qc7 28.g5 Rxf4 29.Rxf4 Qxf4
30.Qxf4 Rxf4 31.Nf3 Be8 32.Bg3 Rg4 33.Kf2 Nf5 34.Bc7 Ne3 35.Bh3 Re4 36.Ra1 Nxc2
37.Rc1 Nxa3 38.Nd2 Rh4 39.Bxe6 Rh5 40.Bf4 Bg6 41.Bxd5 Bd3 42.Ra1 Nb5 43.Bxc4 Bxc4
44.Nxc4 a6 45.Nb6+ Ka7 46.Nc8+ Ka8 47.d5 Nb8 48.c4 Nc3 49.Nb6+ Ka7 50.Nc8+ Ka8
51.Nb6+ Ka7 52.Be3 Rh2+ 53.Kg3 Re2 54.Kf4 Rc2 55.Rh1 a5 56.Rh8 Nd1 57.Bc5  1-0

[Event "Katowice op"]
[Site "Katowice"]
[Date "1993.??.??"]
[Round "8"]
[White "Kuczynski, Robert"]
[Black "Koutsin, Sergey"]
[Result "1/2-1/2"]
[WhiteElo "2525"]
[BlackElo "2390"]

1.e4 e6 2.d4 d5 3.Nc3 Bb4 4.e5 b6 5.Qg4 Bf8 6.Bb5+ c6 7.Ba4 a5 8.a3 Ba6 9.Nge2 h5
10.Qf4 Ne7 11.Nd1 Bb5 12.Bxb5 cxb5 13.O-O Qd7 14.Qf3 Nbc6 15.c3 Nf5 16.Qd3 a4
17.Bg5 Na5 18.Ne3 Ne7 19.Bxe7 Bxe7 20.f4 g6 21.g3 Nc4 22.Rab1 Qc6 23.h3 Kd7
24.Kh1 Rac8 25.Ng2 Rcg8 26.Ng1 Na5 27.Nf3 Qc4 28.Qd1 Qc6 29.Nd2 Nc4 30.Qe2 Ra8
31.Ne3 Rag8 32.Kg2 Rg7 33.Rh1 Rgh7 34.Nf3 Rg7 35.Rbf1 Ke8 36.Rb1 Kd7 37.Nd2 Rgh7
38.Ndxc4 bxc4 39.Rbf1 Qb5 40.Qd2 Qb3 41.Rf2 Qb5 42.Rh2 Qb3 43.Kg1 Qa2 44.Qc1 Qb3
45.Nf1 Rh6 46.Rfg2 R6h7 47.g4 hxg4 48.hxg4 Rxh2 49.Rxh2 Rxh2 50.Nxh2 Qa2
51.Nf1 Bf8 52.Nd2 Bh6 53.g5  1/2-1/2

[Event "Kecskemet2"]
[Site "Kecskemet"]
[Date "1993.??.??"]
[Round "8"]
[White "Videki, Sandor"]
[Black "Meszaros, Gyorgy"]
[Result "1/2-1/2"]
[WhiteElo "2385"]
[BlackElo "2200"]

1.e4 e6 2.d4 d5 3.Nc3 Bb4 4.e5 Qd7 5.a3 Bxc3+ 6.bxc3 b6 7.Qg4 f5 8.Qg3 Ba6
9.Bxa6 Nxa6 10.Ne2 c5 11.O-O Rc8 12.Nf4 cxd4 13.Nxe6 Qxe6 14.Qxg7 Rc7 15.Qxh8 Qg6
16.e6 Rg7 17.g3 Nb8 18.Re1 Nc6 19.e7 dxc3 20.Bf4 Nd4 21.Be5 Nf3+ 22.Kf1 Rxe7
23.Re2 Qe6 24.Kg2 Nxe5 25.Rxe5 Qxe5 26.Qxg8+ Kd7 27.Rd1 Kc6 28.Rd3 Qe4+ 29.Kh3 Qxd3
30.cxd3 c2 31.Qa8+ Kd6 32.Qd8+ Rd7 33.Qf6+  1/2-1/2

[Event "Kurgan"]
[Site "Kurgan"]
[Date "1993.??.??"]
[Round "?"]
[White "Kotsur, Pavel"]
[Black "Temirbaev, Serik"]
[Result "0-1"]
[WhiteElo "2425"]
[BlackElo "2450"]

1.e4 e6 2.d4 d5 3.Nc3 Bb4 4.e5 Qd7 5.a3 Bxc3+ 6.bxc3 b6 7.Nf3 Ne7 8.a4 Ba6
9.Bxa6 Nxa6 10.Qd3 Nb8 11.a5 Nbc6 12.axb6 cxb6 13.h4 Na5 14.h5 h6 15.Nh4 Nc4
16.Qg3 Rg8 17.Qf4 Nc6 18.Rh3 O-O-O 19.Rg3 Kb7 20.Rg4 Qe7 21.Qg3 Qf8 22.Kf1 a5
23.Kg1 Ne7 24.Qd3 f5 25.exf6 gxf6 26.Rxg8 Qxg8 27.Qe2 Qf7 28.Ba3 Nc6 29.Ng6 e5
30.Bc1 exd4 31.cxd4 Nxd4 32.Qd3 Nc6 33.Rb1 Rg8 34.Nf4 Nb4 35.Qd1 Rd8 36.c3 Na6
37.Qd4 Nc7 38.Ng6 Ne6 39.Qd3 Ng5 40.Be3 Qe6 41.Bd4 Rd6 42.f3 Ne5 43.Qf1 Nc4
44.Qd3 a4 45.Nf4 Qc8 46.Qc2 Na3 47.Qxa4 Nxb1 48.Qb4 Qd7 49.Qxb1 Ne6 50.Nd3 Qf7
51.Nb4 Qxh5 52.Bxf6 Rd7 53.Qa2 Nc7 54.Qe2 Qf5 55.Be5 Re7 56.f4 Qxf4 57.Bxf4 Rxe2
58.Bxh6 Re4 59.Nc2 Nb5 60.Bg7 Rc4 61.Ne3 Rc7 62.Be5 Re7 63.Ng4 Kc6 64.Kf2 Kd7
65.Bh8 Ke6 66.Kg3 Rc7  0-1

[Event "Lenk-J"]
[Site "Lenk"]
[Date "1993.??.??"]
[Round "7"]
[White "Stisis, Yaacov"]
[Black "Curien, Nicolas"]
[Result "1/2-1/2"]
[WhiteElo "2355"]
[BlackElo "2240"]

1.e4 e6 2.d4 d5 3.Nc3 Bb4 4.e5 b6 5.Qg4 Bf8 6.Nf3 Ba6 7.Bg5 Qd7 8.Bxa6 Nxa6
9.O-O h6 10.Be3 Ne7 11.Nd2 c5 12.Qe2 cxd4 13.Bxd4 Nc5 14.Bxc5 bxc5 15.Nb5 Nc6
16.c4 a6 17.Nc3 d4 18.Nce4 Qc7 19.f4 Be7 20.Qg4 O-O 21.Nf6+ Kh8 22.Rf3 Rfb8
23.Rg3 Bf8 24.Nh5 g6 25.Nf6 Ne7 26.b3 Nf5 27.Rh3 a5 28.Nde4 a4 29.Rb1 axb3
30.axb3 Ra3 31.Qd1 Ne3 32.Qd3 Qb7 33.g4 Rxb3 34.Rxb3 Qxb3 35.Qxb3 Rxb3 36.Nd6 Kg7
37.Nfe8+ Kg8 38.Nf6+ Kg7 39.Nfe8+  1/2-1/2

[Event "Lippstadt"]
[Site "Lippstadt"]
[Date "1993.??.??"]
[Round "?"]
[White "Leko, Peter"]
[Black "Kindermann, Stefan"]
[Result "1/2-1/2"]
[WhiteElo "2465"]
[BlackElo "2495"]

1.e4 e6 2.d4 d5 3.Nc3 Bb4 4.e5 Ne7 5.Bd2 b6 6.a3 Bxc3 7.Bxc3 O-O 8.Nf3 c5
9.Bd3 h6 10.O-O Ba6 11.Bxa6 Nxa6 12.Qe2 Nb8 13.Rfd1 Nbc6  1/2-1/2

[Event "Lippstadt"]
[Site "Lippstadt"]
[Date "1993.??.??"]
[Round "?"]
[White "Mainka, Romuald"]
[Black "Kindermann, Stefan"]
[Result "0-1"]
[WhiteElo "2515"]
[BlackElo "2495"]

1.e4 e6 2.d4 d5 3.Nc3 Bb4 4.e5 Ne7 5.a3 Bxc3+ 6.bxc3 c5 7.h4 Qc7 8.Nf3 b6
9.Bb5+ Bd7 10.Bd3 h6 11.h5 Nbc6 12.O-O O-O 13.Bf4 f5 14.Be2 cxd4 15.cxd4 Na5
16.a4 Be8 17.Nh4 Qc3 18.Qc1 Kh7 19.Rd1 Rc8 20.Ra2 Nac6 21.Bd2 Qxd4 22.Bxh6 Qxh4
23.Bf4 Ng8 24.Ra3 Qd8 25.g4 fxg4 26.Bxg4 Qd7 27.c4 Nce7 28.Rc3 Qxa4 29.Bxe6 Rxc4
30.Rxc4 Qxc4  0-1

[Event "Lisboa zt"]
[Site "Lisboa"]
[Date "1993.??.??"]
[Round "10"]
[White "Damaso, Rui"]
[Black "Contin, Daniel"]
[Result "1-0"]
[WhiteElo "2435"]
[BlackElo "2395"]

1.e4 e6 2.d4 d5 3.Nc3 Bb4 4.e5 Qd7 5.Bd2 b6 6.Bb5 c6 7.Ba4 Bf8 8.Nce2 b5
9.Bb3 c5 10.c3 Nc6 11.Nh3 Nge7 12.O-O Bb7 13.a4 a6 14.Be3 c4 15.axb5 axb5
16.Rxa8+ Bxa8 17.Bc2 b4 18.b3 Qb7 19.Nhf4 Nc8 20.bxc4 dxc4 21.d5 exd5 22.Ba4 Be7
23.Nd4 Na7 24.Nxd5 Kf8 25.Nf5 g5 26.Ndxe7 Nd4 27.f3 Nxf5 28.Qd8+ Kg7 29.Nxf5+  1-0

[Event "POL-chT"]
[Site "Lubniewice"]
[Date "1993.??.??"]
[Round "?"]
[White "Kuczynski, Robert"]
[Black "Gdanski, Jacek"]
[Result "1/2-1/2"]
[WhiteElo "2520"]
[BlackElo "2485"]

1.e4 e6 2.d4 d5 3.Nc3 Bb4 4.e5 Ne7 5.a3 Bxc3+ 6.bxc3 c5 7.h4 Qc7 8.h5 h6
9.Nf3 b6 10.Bb5+ Bd7 11.Bd3 Nbc6 12.Rh4 Nf5 13.Rh3 cxd4  1/2-1/2

[Event "Madrid-B"]
[Site "Madrid"]
[Date "1993.??.??"]
[Round "?"]
[White "Rivera, Daniel"]
[Black "Bass, Leonid"]
[Result "0-1"]
[WhiteElo "2440"]
[BlackElo "2500"]

1.e4 e6 2.d4 d5 3.Nc3 Bb4 4.e5 Ne7 5.a3 Bxc3+ 6.bxc3 c5 7.h4 Qc7 8.h5 h6
9.Nf3 Nbc6 10.Be2 Bd7 11.O-O f6 12.Bf4 f5 13.Nh4 O-O-O 14.Re1 Rdg8 15.dxc5 g5
16.hxg6 Nxg6 17.Nxg6 Rxg6 18.Bh5 Rg7 19.Re3 Ne7 20.Qd4 Bc6 21.Rg3 Rxg3 22.Bxg3 Be8
23.Bf3 h5 24.Re1 Qa5 25.Rd1 h4 26.Bxh4 Nc6 27.Qf4 Qxc3 28.Bf6 Rg8 29.Bxd5 exd5
30.Qxf5+ Kb8 31.e6 Qc4 32.Rxd5 Bg6 33.Be5+ Kc8 34.Qh3 Qxd5  0-1

[Event "Madrid-B"]
[Site "Madrid"]
[Date "1993.??.??"]
[Round "?"]
[White "Roa Alonso, Santiago"]
[Black "Bass, Leonid"]
[Result "1/2-1/2"]
[WhiteElo "2330"]
[BlackElo "2500"]

1.e4 e6 2.d4 d5 3.Nc3 Bb4 4.e5 Ne7 5.Nf3 c5 6.a3 Bxc3+ 7.bxc3 Bd7 8.a4 Qc7
9.Bd3 Nbc6 10.O-O c4 11.Be2 f6 12.Re1 O-O 13.exf6 Rxf6 14.Bg5 Rf7 15.Bxe7 Rxe7
16.Bf1 Rf8 17.Re3 Ref7 18.g3 Rf6 19.Bh3 Nd8 20.Ne5 Nf7 21.Nxd7 Qxd7 22.Qg4 Nd8
23.f4 a5 24.Qe2 h6 25.Re5 b5 26.f5 exf5 27.Bg2 f4 28.Bxd5+ Kh8 29.Rf1 b4
30.cxb4 Nf7 31.Qxc4 Nxe5 32.dxe5 Rf5 33.gxf4 axb4 34.Be6 Qa7+ 35.Kg2 Rh5
36.Bg4 Rh4 37.Kg3 g5 38.fxg5 Rxg4+ 39.Kxg4 Rg8 40.h4 Qe3 41.Qf4 Qe2+ 42.Qf3 Qxe5
43.Qf6+ Qxf6 44.Rxf6 hxg5 45.hxg5 Rc8 46.Rb6 Rxc2 47.Rxb4 Kg7 48.Rb7+ Kg6
49.Rb6+ Kg7 50.a5 Rc1 51.a6 Rf1 52.g6 Kh6 53.Kg3 Kg7 54.Kh4 Kh6 55.Re6 Rf4+
56.Kg3 Rf1 57.Kg4 Rf2 58.Re5 Ra2  1/2-1/2

[Event "Andalucia-chT"]
[Site "Matalascanas"]
[Date "1993.??.??"]
[Round "2"]
[White "Carpintero, Javier"]
[Black "Matamoros Franco, Carlos S"]
[Result "1/2-1/2"]
[WhiteElo "2290"]
[BlackElo "2410"]

1.e4 e6 2.d4 d5 3.Nc3 Bb4 4.e5 Ne7 5.Qg4 c5 6.dxc5 Nbc6 7.Nf3 O-O 8.Bd3 f5
9.exf6 Rxf6 10.Bg5 e5 11.Qh4 e4 12.Bxf6 gxf6 13.Qxf6 exd3 14.Qg5+ Kh8 15.Qf6+ Kg8
16.Qg5+ Kh8  1/2-1/2

[Event "Munich op9293"]
[Site "Munich"]
[Date "1993.??.??"]
[Round "9"]
[White "Schmidt Schaeffer, Sebastian"]
[Black "Phildius, Bernhard"]
[Result "0-1"]
[WhiteElo "2260"]
[BlackElo "2315"]

1.e4 e6 2.d4 d5 3.Nc3 Bb4 4.e5 b6 5.a3 Bf8 6.f4 Ba6 7.Bxa6 Nxa6 8.Nf3 Ne7
9.Qe2 Nb8 10.Be3 h5 11.O-O-O Nbc6 12.Bf2 Nf5 13.g3 Qd7 14.h3 O-O-O 15.g4 hxg4
16.hxg4 Rxh1 17.Rxh1 Nh6 18.Nd2 Kb8 19.Rg1 Be7 20.Qd3 Na5 21.b4 Nc6 22.Nb3 Kb7
23.Nd1 Ra8 24.Kb2 a5 25.c3 axb4 26.axb4 Bxb4 27.cxb4 Nxb4 28.Qf3 Qa4 29.Qc3 Qa2+
30.Kc1 Qa3+ 31.Kd2 Na2 32.Qf3 Qb4+ 33.Kc2 Qc4+ 34.Kb1 Ra3 35.Kb2 Ra4 36.Be1 Nb4
37.Bxb4 Rxb4 38.Ka3 c5 39.Rg3 Qa6+ 40.Kb2 c4 41.Qe2 Qa4 42.Qc2 Rxb3+ 43.Rxb3 cxb3
44.Qxb3 Qxd4+ 45.Nc3 Nxg4 46.Qb5 Qc5 47.Qd7+ Qc7 48.Qe8 Nf2 49.Qa4 Nd3+ 50.Kc2  0-1

[Event "Nagykanizsa op"]
[Site "Nagykanizsa"]
[Date "1993.??.??"]
[Round "2"]
[White "Zila, Laszlo"]
[Black "Krutti, Valer"]
[Result "0-1"]
[WhiteElo "2245"]
[BlackElo "2350"]

1.e4 e6 2.d4 d5 3.Nc3 Bb4 4.e5 Ne7 5.a3 Bxc3+ 6.bxc3 c5 7.Qg4 Kf8 8.h4 Qc7
9.Bd2 h5 10.Qd1 b6 11.Be2 Ba6 12.Bxh5 cxd4 13.cxd4 Qc4 14.Be2 Qxd4 15.Bxa6 Nxa6
16.Nf3 Qc4 17.h5 Nf5 18.Qe2 Rc8 19.g4 Nd4 20.Nxd4 Qxd4 21.c3 Qc4 22.h6 Nc5
23.Rh3 Kg8 24.Qf3 Qe4+ 25.Qxe4 Nxe4 26.g5 Rc4 27.Ke2 Nxd2 28.Kxd2 Rg4 29.Rg3 Rxg3
30.fxg3 gxh6 31.gxh6 Rxh6 32.Ke3 Rh5 33.Kf4  0-1

[Event "FRA-ch"]
[Site "Nantes"]
[Date "1993.??.??"]
[Round "1"]
[White "Apicella, Manuel"]
[Black "Renet, Olivier"]
[Result "1/2-1/2"]
[WhiteElo "2475"]
[BlackElo "2505"]

1.e4 e6 2.d4 d5 3.Nc3 Bb4 4.e5 Ne7 5.a3 Bxc3+ 6.bxc3 c5 7.Qg4 Qc7 8.Bd3 c4
9.Be2 Nf5 10.Nf3 Qa5 11.Bd2 Nc6 12.Qh5 h6 13.g4 Nfe7 14.Qh3 Bd7 15.Nh4 O-O-O
16.f4 f6 17.Ng2 Rdf8 18.Qg3 fxe5 19.fxe5 Rf7  1/2-1/2

[Event "FRA-ch"]
[Site "Nantes"]
[Date "1993.??.??"]
[Round "3"]
[White "Apicella, Manuel"]
[Black "Lamoureux, Charles"]
[Result "1-0"]
[WhiteElo "2475"]
[BlackElo "2380"]

1.e4 e6 2.d4 d5 3.Nc3 Bb4 4.e5 Ne7 5.a3 Bxc3+ 6.bxc3 c5 7.Qg4 Qc7 8.Bd3 c4
9.Be2 Qa5 10.Bd2 Nf5 11.Nf3 Nc6 12.Qh3 Bd7 13.g4 Nfe7 14.Ng5 h6 15.f4 Rf8
16.Nf3 O-O-O 17.O-O f6 18.Kh1 Kb8 19.exf6 Rxf6 20.Rae1 Bc8 21.Bd1 Ka8 22.f5 exf5
23.g5 f4 24.Qh4 Ng6 25.Qh5 hxg5 26.Nxg5 Qc7 27.Nh7 Rfd6 28.Rg1 Nce7 29.Rxe7 Qxe7
30.Rxg6 Qe4+ 31.Rg2 Rh6 32.Ng5 Rxh5 33.Nxe4 Rf5 34.Ng5 Rh8 35.Nf3 Rh7 36.Rg6 Kb8
37.Ne5 Kc7 38.Bf3 Rf8 39.Bxd5 Bf5 40.Bxf4 Bxg6 41.Nxg6+ Rxf4 42.Nxf4 b5 43.Kg2 Rh6
44.Be4 Ra6 45.h4 Kd8 46.d5 Ke7 47.Ne6 Kf6 48.Nc7 Rxa3 49.d6 Ra1 50.Kf3 Rd1
51.Nxb5 a5 52.Ke2 Rb1 53.Na3 Rg1 54.Nxc4 a4 55.Bc6 Rg4 56.d7 Ke7 57.Na5 Rxh4
58.Nb7  1-0

[Event "FRA-ch"]
[Site "Nantes"]
[Date "1993.??.??"]
[Round "6"]
[White "Santo Roman, Marc"]
[Black "Apicella, Manuel"]
[Result "0-1"]
[WhiteElo "2420"]
[BlackElo "2475"]

1.e4 e6 2.d4 d5 3.Nc3 Bb4 4.e5 Ne7 5.a3 Bxc3+ 6.bxc3 c5 7.Qg4 O-O 8.Nf3 Nbc6
9.Bd3 f5 10.exf6 Rxf6 11.Qh5 h6 12.O-O c4 13.Be2 Qf8 14.Ne5 Rf5 15.Qh3 Nxe5
16.dxe5 Rxe5 17.Bg4 Nf5 18.Bd2 Bd7 19.f4 Qc5+ 20.Rf2 Re4 21.Bf3 Ba4 22.Bxe4 dxe4
23.Re1 Rd8 24.Be3 Qxa3 25.g4 Qxc3 26.gxf5 Qxe1+ 27.Rf1 Qe2 28.f6 Be8 29.fxg7 Rd1
30.Bxa7 Kxg7 31.c3 e3 32.Bd4+ Kh7 33.f5 Qf2+  0-1

[Event "FRA-ch"]
[Site "Nantes"]
[Date "1993.??.??"]
[Round "12"]
[White "Santo Roman, Marc"]
[Black "Degraeve, Jean Marc"]
[Result "0-1"]
[WhiteElo "2420"]
[BlackElo "2465"]

1.e4 e6 2.d4 d5 3.Nc3 Bb4 4.e5 Ne7 5.Bd2 O-O 6.Bd3 c5 7.Qh5 Ng6 8.Nf3 cxd4
9.Ng5 h6 10.Nxf7 Rxf7 11.Bxg6 Rf8 12.Ne4 Qb6 13.a3 Bxd2+ 14.Nxd2 Nc6 15.O-O-O Bd7
16.Bd3 Qc7 17.Nf3 Rf4 18.Rhe1 Ne7 19.Bg6 Qb6 20.Rd2 Raf8 21.Red1 Nxg6 22.Qxg6 Be8
23.Qg3 Bh5 24.Rd3 Kh7 25.R1d2 Re4 26.Kb1 Rff4 27.h3 Qc5 28.Nh2 Re1+ 29.Ka2 Rfe4
30.f3 R4e2 31.Rxd4 Rxd2 32.Rxd2 Qg1 33.Ng4 Ra1+ 34.Kb3 Qb6+ 35.Kc3 Bg6 36.Qf4 Qc5+
37.Kb3 Be4 38.Ne3 Qb5+ 39.Kc3 Qa5+ 40.Kb3 Qxd2 41.fxe4 Re1 42.Nxd5 Qxf4 43.Nxf4 Rxe4
44.Nxe6 Rxe5 45.Nd8 Rd5  0-1

[Event "NOR-chT west"]
[Site "NOR"]
[Date "1993.??.??"]
[Round "5"]
[White "Gullaksen, Eirik T"]
[Black "Gundersen, Helge"]
[Result "1-0"]
[WhiteElo "2400"]
[BlackElo "2255"]

1.e4 e6 2.d4 d5 3.Nc3 Bb4 4.e5 Qd7 5.Bd2 b6 6.Bb5 c6 7.Ba4 Ba6 8.Nce2 Bf8
9.Nf3 Bb5 10.Bxb5 cxb5 11.O-O Ne7 12.Ng3 h5 13.Bg5 Ng6 14.Qd3 h4 15.Ne2 Nc6
16.Nd2 Be7 17.Be3 Na5 18.f4 Nc4 19.b3 Nxe3 20.Qxe3 Bf8 21.Qd3 Ne7 22.g4 hxg3
23.hxg3 Nc6 24.Nf3 Be7 25.Kg2 b4 26.Rh1 O-O-O 27.Rxh8 Rxh8 28.Rh1 Rxh1 29.Kxh1 f5
30.exf6 gxf6 31.Qg6 f5 32.Ne5 Nxe5 33.fxe5 Qc6 34.Nf4 Kd7 35.Qf7 Qxc2 36.Qxe6+ Ke8
37.Qg8+ Kd7 38.Qxd5+ Kc8 39.Qc4+ Qxc4 40.bxc4 a5 41.Nd5 Bd8 42.e6 Kb7 43.Kg2 Kc6
44.e7 Bxe7 45.Nxe7+  1-0

[Event "Oakham"]
[Site "Oakham"]
[Date "1993.??.??"]
[Round "7"]
[White "Karolyi, Tibor Jr"]
[Black "Lamoureux, Charles"]
[Result "1/2-1/2"]
[WhiteElo "2370"]
[BlackElo "2345"]

1.e4 e6 2.d4 d5 3.Nc3 Bb4 4.e5 Ne7 5.Bd2 b6 6.f4 Bxc3 7.Bxc3 a5 8.Qd2 Qd7
9.Qf2 Ba6 10.Nf3 Bxf1 11.Rxf1 Nbc6 12.O-O-O O-O 13.Bd2 f5 14.h3 Ng6 15.Be3 b5
16.Ne1 b4 17.Nd3 a4 18.Nc5 Qf7 19.b3 axb3 20.axb3 Ra2 21.Kd2 Rfa8 22.Qg1 Nf8
23.Ra1 Qg6 24.Rxa2 Rxa2 25.Re1 Na7 26.Qf1 Ra5 27.Na6 Nc6 28.Nxc7 Qf7 29.Nb5 Qb7
30.Nd6 Qa7 31.Qd3 Ra2 32.g4 g6 33.Rg1 Ra1 34.gxf5 Rxg1 35.Bxg1 gxf5 36.Bf2 Qa1
37.Nb7 Ng6 38.Nc5 Kf7 39.Be3 Nh4 40.Bf2 Ng6 41.Qe3 Na7 42.Nd3 Qc3+ 43.Kd1 Nb5
44.Qe1 Qa1+ 45.Kd2 Qc3+ 46.Kd1  1/2-1/2

[Event "Odorheiu Secuiesc op"]
[Site "Odorheiu Secuiesc"]
[Date "1993.??.??"]
[Round "2"]
[White "Milu, Romeo Sorin"]
[Black "Dinescu, Adrian"]
[Result "1/2-1/2"]
[WhiteElo "2410"]
[BlackElo "2225"]

1.e4 e6 2.d4 d5 3.Nc3 Bb4 4.e5 Ne7 5.a3 Bxc3+ 6.bxc3 c5 7.Qg4 Qc7 8.Bd3 Bd7
9.Qxg7 Rg8 10.Qxh7 Nbc6 11.h4 cxd4 12.Ne2 O-O-O 13.Bf4 dxc3 14.h5 Nxe5  1/2-1/2